Alkyl phenol resins (rubber polymers) for use in natural and synthetic rubber formulations (Record no. 54036)

MARC details
000 -LEADER
fixed length control field 00459nam a2200157Ia 4500
100 ## - MAIN ENTRY--AUTHOR NAME
Personal name Krishnan G
245 #0 - TITLE STATEMENT
Title Alkyl phenol resins (rubber polymers) for use in natural and synthetic rubber formulations
260 ## - PUBLICATION, DISTRIBUTION, ETC. (IMPRINT)
Name of publisher Rubber India
Year of publication 2003
300 ## - PHYSICAL DESCRIPTION
Number of Pages 11-Sep
650 ## - SUBJECT ADDED ENTRY--TOPICAL TERM
Topical Term Accelerator
650 ## - SUBJECT ADDED ENTRY--TOPICAL TERM
Topical Term Natural rubber
650 ## - SUBJECT ADDED ENTRY--TOPICAL TERM
Topical Term Synthetic rubber Cross-linking agent
650 ## - SUBJECT ADDED ENTRY--TOPICAL TERM
Topical Term Vulcanisate
942 ## - ADDED ENTRY ELEMENTS (KOHA)
Koha item type Journals
Holdings
Withdrawn status Lost status Damaged status Not for loan Home library Current library Shelving location Date acquired Serial Enumeration / chronology Koha item type
      Journals RRII Library RRII Library Rubber chemistry 17/12/2021 Volume LV, Issue 11 Journals